000 00420nam a2200181Ia 4500
005 20240731022435.0
008 240331s9999 xx 000 0 und d
020 _a9780330505543
082 _bGHA
_a294
100 _aGuha,R
245 0 _aIndia :
_bafter Gandhi
260 _aLondon
_bPan Macmillan Ltd
_c2007
300 _axxvi, 898 p .,
650 _aHistory
650 _aEconomic
650 _aSocial
942 _cL
999 _c4530
_d4530